| 000 -LEADER |
| fixed length control field |
01430cam a2200361 a 4500 |
| 001 - CONTROL NUMBER |
| control field |
2158462 |
| 003 - CONTROL NUMBER IDENTIFIER |
| control field |
OSt |
| 005 - DATE AND TIME OF LATEST TRANSACTION |
| control field |
20180116192407.0 |
| 008 - FIXED-LENGTH DATA ELEMENTS--GENERAL INFORMATION |
| fixed length control field |
990527s1999 nyua | b 00| 0 eng |
| 010 ## - LIBRARY OF CONGRESS CONTROL NUMBER |
| LC control number |
99035809 |
| 020 ## - INTERNATIONAL STANDARD BOOK NUMBER |
| International Standard Book Number |
0874774195 (hardcover : alk. paper) |
| 020 ## - INTERNATIONAL STANDARD BOOK NUMBER |
| International Standard Book Number |
0874774241 (pbk. : alk. paper) |
| 040 ## - CATALOGING SOURCE |
| Original cataloging agency |
DLC |
| Transcribing agency |
DLC |
| Modifying agency |
DLC |
| 050 00 - LIBRARY OF CONGRESS CALL NUMBER |
| Classification number |
NC730 |
| Item number |
.E34 1999 |
| 082 00 - DEWEY DECIMAL CLASSIFICATION NUMBER |
| Classification number |
741.2 |
| Edition number |
21 |
| 100 1# - MAIN ENTRY--PERSONAL NAME |
| Personal name |
Edwards, Betty, |
| Dates associated with a name |
1926- |
| 9 (RLIN) |
123 |
| 245 14 - TITLE STATEMENT |
| Title |
The new drawing on the right side of the brain / |
| Statement of responsibility, etc. |
Betty Edwards. |
| 246 30 - VARYING FORM OF TITLE |
| Title proper/short title |
Drawing on the right side of the brain |
| 250 ## - EDITION STATEMENT |
| Edition statement |
2nd rev. ed. |
| 260 ## - PUBLICATION, DISTRIBUTION, ETC. |
| Place of publication, distribution, etc. |
New York : |
| Name of publisher, distributor, etc. |
Jeremy P. Tarcher/Putnam, |
| Date of publication, distribution, etc. |
c1999. |
| 300 ## - PHYSICAL DESCRIPTION |
| Extent |
xxv, 291 p., [12] pages of plates ; |
| Other physical details |
ill. (some col.) |
| Dimensions |
23 cm. |
| 500 ## - GENERAL NOTE |
| General note |
Rev. and expanded ed. of: Drawing on the right side of the brain. 1993. |
| 504 ## - BIBLIOGRAPHY, ETC. NOTE |
| Bibliography, etc. note |
Includes bibliographical references (p. 279-282) and index . |
| 650 #0 - SUBJECT ADDED ENTRY--TOPICAL TERM |
| Topical term or geographic name entry element |
Drawing |
| General subdivision |
Technique. |
| 9 (RLIN) |
124 |
| 650 #0 - SUBJECT ADDED ENTRY--TOPICAL TERM |
| Topical term or geographic name entry element |
Visual perception. |
| 9 (RLIN) |
125 |
| 650 #0 - SUBJECT ADDED ENTRY--TOPICAL TERM |
| Topical term or geographic name entry element |
Cerebral dominance. |
| 9 (RLIN) |
126 |
| 700 1# - ADDED ENTRY--PERSONAL NAME |
| Personal name |
Edwards, Betty, |
| Dates associated with a name |
1926- |
| Title of a work |
Drawing on the right side of the brain. |
| 9 (RLIN) |
127 |
| 906 ## - LOCAL DATA ELEMENT F, LDF (RLIN) |
| a |
7 |
| b |
cbc |
| c |
orignew |
| d |
1 |
| e |
ocip |
| f |
19 |
| g |
y-gencatlg |
| 942 ## - ADDED ENTRY ELEMENTS (KOHA) |
| Source of classification or shelving scheme |
|
| Koha item type |
Book |